Basilio Kandinsky
Guardat en:
| Autor principal: | |
|---|---|
| Format: | Llibre |
| Idioma: | espanyol |
| Publicat: |
Buenos Aires
Codex
1964
|
| Col·lecció: | Pinacoteca de los Genios, 33
|
| Matèries: | |
| Etiquetes: |
Afegir etiqueta
Sense etiquetes, Sigues el primer a etiquetar aquest registre!
|
MARC
| LEADER | 00000nam a2200000 a 4500 | ||
|---|---|---|---|
| 001 | UCV8168 | ||
| 003 | CL-VaPUC | ||
| 005 | 20240703123511.0 | ||
| 008 | 900827e19640000AG |||||||||||||||||spa|d | ||
| 999 | |c 213723 |d 213721 | ||
| 040 | |c Pontificia Universidad Católica de Valparaíso | ||
| 082 | 0 | 4 | |a 759.06 |b RIE |2 21 |
| 100 | 0 | |a Riedl, Peter Anselm |e author |9 302236 | |
| 245 | 1 | 0 | |a Basilio Kandinsky |
| 260 | |a Buenos Aires |b Codex |c 1964 | ||
| 300 | |a 8 p | ||
| 490 | 0 | |a Pinacoteca de los Genios, 33 | |
| 500 | |a Incluye: El juicio del siglo XX | ||
| 583 | |a last modification |c 19900827 00:00:00 |k Rodrigo Vera | ||
| 600 | |a Kandinsky, Wassily |d 1866-1944 |q Kandinski, Vasili Vasílievich |9 858677 | ||
| 650 | 0 | |a Arte abstracto |v Obras ilustradas |9 302239 | |
| 852 | |a BIBCUR | ||
| 942 | |c BK |2 ddc | ||
| 945 | |d 19900827 00:00:00 | ||
| 952 | |0 0 |1 0 |4 0 |6 759_060000000000000_RIE_1964 |7 0 |8 A |9 196386 |a BIBARQ |b BIBARQ |d 2019-11-14 |i 2642840 |o 759.06 RIE 1964 |p 2642840 |r 2025-01-20 |w 2019-11-14 |y BK |k ARQ | ||
| 952 | |0 0 |1 0 |2 ddc |4 0 |6 759_060000000000000_RIE_1964 |7 0 |8 A |9 196387 |a BIBART |b BIBART |d 2019-11-14 |i 3807428 |o 759.06 RIE 1964 |p 3807428 |r 2025-03-13 |w 2019-11-14 |y BK |k ART | ||